| 000 | 00542nam a22001457a 4500 | ||
|---|---|---|---|
| 008 | 180814b xxu||||| |||| 00| 0 eng d | ||
| 020 | _a0406093954 | ||
| 050 | _aKD277.7.L39(1962 vol.1) | ||
| 245 |
_aThe Law Reports 1962. Queen's Bench division and on appeal therefrom in the Court of Appeal and decisions in the Court of Criminal Appeal . / _cEditor R.P. Colinvaux |
||
| 260 |
_aLondon: _c1962. _bButterworth and Co . |
||
| 300 |
_a729 p. : _c24cm. |
||
| 440 |
_aQueens Bench Division _vvol.1 |
||
| 700 | _aColinvaux, R.P. | ||
| 942 |
_2lcc _cBK |
||
| 999 |
_c6658 _d14158 |
||